[Event "20th Dubai Open 2018"]
[Site "Dubai"]
[Date "2018.04.07"]
[Round "5"]
[White "Pranav, V."]
[Black "Viani, Antonio Dcunha"]
[Result "1/2-1/2"]
[WhiteElo "2366"]
[BlackElo "2435"]
[Annotator "TA"]
[PlyCount "152"]
[EventDate "2018.??.??"]
[EventType "swiss"]
[EventCountry "UAE"]
[SourceTitle "playchess.com"]
[Source "ChessBase"]
[SourceQuality "1"]

{[%evp 12,152,16,-10,79,41,70,17,52,0,0,0,0,0,4,0,14,25,234,237,237,241,215,241,396,408,403,400,404,400,639,429,424,406,447,313,315,315,349,338,344,343,382,343,343,343,391,384,367,340,337,329,411,410,395,395,406,406,408,376,546,449,544,538,491,455,433,436,595,589,500,383,372,353,312,81,107,0,0,0,0,0,0,0,0,-8,-8,-12,0,0,0,0,0,0,0,0,0,0,0,0,0,0,0,0,0,0,0,0,0,0,0,0,0,0,0,0,0,-8,-8,-8,-8,-8,-8,-8,-8,-8,-8,-8,-8,-8,-8,-8,-8,-8,-8,-8,0,0,0,0,0,0,0]} 1. e4 c5 2. Nf3 d6 3. c3 Nf6 4. Be2 Bg4 5. O-O e6 6. h3 {B50: Sicilian: 2...d6, Miscellaneous} Bh5 7. d4 {LiveBook: 29 Games} Qc7 $146 (7... Nxe4 $11 {remains equal.} 8. Nbd2 Nxd2 9. Bxd2 Be7) ({Find the theoretical novelty and annotate with similar games:} 7... Nxe4 8. d5 Nd7 9. dxe6 fxe6 10. Nfd2 Bxe2 11. Qxe2 Nxd2 12. Nxd2 Qf6 13. Ne4 Qg6 {½-½ (111) Nisipeanu,L (2679)-Adhiban,B (2653) Wijk aan Zee 2016}) 8. Re1 {White is better.} Nbd7 9. Nbd2 (9. d5 $14) 9... Be7 10. b3 (10. d5 $14) 10... cxd4 11. cxd4 Bg6 12. Bc4 O-O 13. Nh4 Bxe4 14. Nxe4 d5 $2 (14... Nxe4 $11 {and Black stays safe.} 15. Rxe4 d5 16. Bxd5 Nf6) 15. Nxf6+ $18 Bxf6 {[#]} 16. Bd3 $1 Bxh4 17. Qh5 {[%csl Gd3][%cal Rh5h7]} Nf6 $2 (17... Bxf2+ 18. Kxf2 f5) 18. Qxh4 Qc3 19. Bg5 {[%cal Bc1g5,Bg5f6,Bf6e5,Be5d6][%mdl 32]} Qxd3 20. Bxf6 Qf5 (20... Qg6 $142 21. Be5 f6) 21. Be5 f6 22. Bd6 Rfd8 23. Qf4 Qxf4 24. Bxf4 g5 25. Be3 ({Less strong is} 25. Rxe6 gxf4 26. Rxf6 Rf8 $18) 25... Kf7 26. Rac1 Rd7 27. Rc2 Kg6 28. Rec1 h5 29. Rc7 Rad8 30. Rxd7 Rxd7 {[%mdl 4096] Endgame KRB-KR} 31. Kf1 g4 32. hxg4 hxg4 33. Ke2 Rh7 34. f3 Kf5 35. Rc8 b6 (35... gxf3+ {is a better defense.} 36. Kxf3 Kg6) 36. Rg8 gxf3+ 37. Kxf3 {[%csl Gf3,Gg8][%cal Rg2g4] [#]} e5 38. dxe5 fxe5 39. g4+ Ke6 40. Re8+ Kd6 41. Bf2 Rf7+ 42. Ke2 Rf4 43. Bg3 $2 (43. g5 $18 {is more deadly.}) 43... Rxg4 $16 44. Bxe5+ ({Better is} 44. Kf3 $16 Rg5 45. Ra8) 44... Kd7 $11 {The position is equal.} 45. Kf3 Re4 46. Ra8 Rxe5 47. Rxa7+ {KR-KR} Kc6 48. a4 {[%cal Ba2a4,Ba4a5,Ba5a6][%mdl 32]} d4 49. b4 Re3+ 50. Kf2 Rb3 51. Ke2 Kd5 52. a5 b5 53. a6 Rxb4 54. Ra8 Kc6 55. Kd3 Kb6 56. a7 Kb7 57. Rd8 Kxa7 58. Rxd4 Rb2 59. Kc3 Rb1 60. Rb4 Rc1+ 61. Kb2 Rc5 62. Rh4 Kb6 63. Kb3 Ka5 64. Rg4 Rf5 65. Rh4 Rf3+ 66. Kb2 Re3 67. Rg4 $1 Rd3 68. Rf4 Rh3 69. Rg4 Rh1 70. Rf4 Rh2+ 71. Kb3 Re2 72. Rh4 Re1 73. Kb2 b4 74. Rh8 Re2+ 75. Kb3 Re3+ 76. Kb2 b3 {Precision: White = 71%, Black = 49%.} 1/2-1/2

[Event "20th Dubai Open 2018"]
[Site "Dubai"]
[Date "2018.04.07"]
[Round "5"]
[White "Sadhwani, Raunak"]
[Black "Afshari, Mohammadreza"]
[Result "1-0"]
[WhiteElo "2358"]
[BlackElo "2165"]
[Annotator "NA"]
[PlyCount "73"]
[EventDate "2018.??.??"]
[EventType "swiss"]
[EventCountry "UAE"]
[SourceTitle "playchess.com"]
[Source "ChessBase"]
[SourceQuality "1"]
[TimeControl "5400+30"]

1. e4 {[%emt 0:00:00]} e5 {[%emt 0:00:24]} 2. Nf3 {[%emt 0:00:00]} Nc6 {[%emt 0:00:10]} 3. Bc4 {[%emt 0:00:23]} Bc5 {[%emt 0:00:12]} 4. O-O {[%emt 0:00:17]} Nf6 {[%emt 0:00:04]} 5. d3 {[%emt 0:00:11]} O-O {[%emt 0:00:27]} 6. a4 {[%emt 0:00:09] C50: Hungarian Defence and Giuoco Pianissimo} (6. c3 d5 7. exd5 Nxd5 8. Re1 Be6 9. Nbd2 Bd6 10. Ne4 h6 11. b4 a6 12. a4 Re8 13. Qb3 Nf6 14. Bxe6 Rxe6 15. Be3 Ne7 16. Rad1 {1-0 (25) Kramnik,V (2800)-Anand,V (2776) Moscow 2018}) 6... d5 {[%emt 0:07:37]} 7. exd5 {[%emt 0:00:08]} Nxd5 {[%emt 0:00:07]} 8. Re1 {[%emt 0:01:13]} Bg4 $146 {[%emt 0:02:48]} ({Predecessor:} 8... Re8 9. h3 Bf5 10. Nbd2 a6 11. Ne4 Bf8 12. Bg5 Qd7 13. Ng3 Be6 {0-1 (72) Paehtz,E (2463)-Zhao,X (2504) Doha 2016}) 9. h3 {[%emt 0:00:12]} Bh5 {[%emt 0:00:02]} 10. Nbd2 {[%emt 0:00:09]} Re8 {[%emt 0:10:55]} 11. Ne4 {[%emt 0:00:26]} Bf8 {[%emt 0:00:22]} 12. Ng3 {[%emt 0:01:31]} Bg6 {[%emt 0:00:41]} 13. c3 {[%emt 0:02:16]} a6 {[%emt 0:07:36]} 14. a5 {[%emt 0:00:18]} Nf6 {[%emt 0:08:08]} (14... b5 $11 15. axb6 Nxb6) 15. Nh4 {[%emt 0:02:16]} Qd7 {[%emt 0:09:10]} 16. Bg5 {[%emt 0:03:02]} Be7 {[%emt 0:06:26]} 17. Nxg6 {[%emt 0:06:12]} hxg6 {[%emt 0:00:01]} 18. Qb3 {[%emt 0:00:06]} Rf8 {[%emt 0:00:33]} 19. Be3 {[%emt 0:01:52]} Rab8 {[%emt 0:01:33]} 20. Red1 {[%emt 0:03:52]} Bd6 {[%emt 0:03:47]} 21. Bg5 {[%emt 0:06:42]} Nh7 {[%emt 0:00:47]} 22. Be3 {[%emt 0:00:04]} Nf6 {[%emt 0:00:02]} 23. Qc2 {[%emt 0:02:00]} Rbd8 $16 {[%emt 0:05:01]} (23... Ne7 $1 $14) 24. b4 {[%emt 0:13:18]} Qc8 {[%emt 0:05:59]} 25. Ne4 {[%emt 0:05:31]} Nxe4 {[%emt 0:01:10]} 26. dxe4 {[%emt 0:00:50]} Be7 {[%emt 0:03:02]} 27. Rdb1 {[%emt 0:05:15]} Nb8 {[%emt 0:02:53]} 28. b5 {[%emt 0:01:17]} c5 {[%emt 0:06:29]} 29. Bd5 {[%emt 0:02:35]} Rd7 {[%emt 0:01:28]} 30. Qb2 {[%emt 0:00:42]} Rfd8 {[%emt 0:03:57]} 31. c4 {[%emt 0:05:16]} Rc7 {[%emt 0:00:11]} 32. Ra3 {[%emt 0:01:28]} axb5 {[%emt 0:04:54]} 33. cxb5 {[%emt 0:00:18]} c4 {[%emt 0:01:38]} 34. Rc3 {[%emt 0:00:09]} Rxd5 {[%emt 0:04:12]} 35. exd5 {[%emt 0:00:06]} Qd7 {[%emt 0:01:08]} 36. Qa2 {[%emt 0:01:47]} Qxd5 {[%emt 0:01:43]} 37. a6 {[%emt 0:00:06]} 1-0

[Event "20th Dubai Open 2018"]
[Site "Dubai"]
[Date "2018.04.07"]
[Round "5"]
[White "Urazayev, Arystanbek"]
[Black "Minko, Dmitry"]
[Result "1-0"]
[WhiteElo "2331"]
[BlackElo "2145"]
[Annotator "NA"]
[PlyCount "115"]
[EventDate "2018.??.??"]
[EventType "swiss"]
[EventCountry "UAE"]
[SourceTitle "playchess.com"]
[Source "ChessBase"]
[SourceQuality "1"]
[TimeControl "5400+30"]

1. e4 {[%emt 0:00:00]} e5 {[%emt 0:00:08]} 2. Nf3 {[%emt 0:00:00]} Nc6 {[%emt 0:00:07]} 3. Bb5 {[%emt 0:00:00]} Nf6 {[%emt 0:00:08]} 4. d3 {[%emt 0:00:02]} Ne7 {[%emt 0:00:09]} 5. Bc4 {[%emt 0:03:08]} c6 {[%emt 0:00:29]} 6. Nc3 {[%emt 0:01:08]} Ng6 {[%emt 0:06:38]} 7. h4 {[%emt 0:15:52]} h5 {[%emt 0:01:57]} 8. Bg5 {[%emt 0:02:11]} d6 {[%emt 0:08:27]} 9. Qd2 {[%emt 0:02:48]} Be7 {[%emt 0:07:39]} 10. Bb3 {[%emt 0:01:04]} Qc7 {[%emt 0:18:45]} 11. Ne2 {[%emt 0:01:21]} Bg4 {[%emt 0:06:32]} 12. Ng3 {[%emt 0:03:49]} Qd7 {[%emt 0:02:48]} 13. Ng1 {[%emt 0:10:46]} d5 {[%emt 0:03:28]} 14. N1e2 $11 {[%emt 0:04:11]} Be6 {[%emt 0:10:59]} 15. Rd1 {[%emt 0:10:32]} O-O-O {[%emt 0:07:54]} 16. exd5 {[%emt 0:07:22]} Bxd5 {[%emt 0:01:03]} 17. Bxd5 {[%emt 0:03:13]} Nxd5 {[%emt 0:01:00]} 18. Bxe7 {[%emt 0:04:05]} Ndxe7 {[%emt 0:08:24]} 19. Qa5 {[%emt 0:05:31]} b6 {[%emt 0:00:40]} 20. Qa6+ {[%emt 0:00:32]} Kb8 {[%emt 0:00:22]} 21. Qc4 {[%emt 0:00:51]} Qd5 {[%emt 0:03:35]} 22. Qxd5 {[%emt 0:00:16]} cxd5 {[%emt 0:00:02]} 23. d4 {[%emt 0:03:35]} e4 {[%emt 0:01:19]} 24. Nf1 {[%emt 0:02:44]} Nf5 {[%emt 0:03:10]} 25. g3 {[%emt 0:00:30]} Rc8 {[%emt 0:00:29]} 26. c3 {[%emt 0:00:28]} Kc7 {[%emt 0:03:21]} 27. Ne3 {[%emt 0:00:32]} Nge7 {[%emt 0:00:25]} 28. Rf1 {[%emt 0:01:36]} Kd6 {[%emt 0:01:49]} 29. Nc2 {[%emt 0:02:34]} g6 {[%emt 0:00:49]} 30. Kd2 {[%emt 0:00:21]} b5 {[%emt 0:00:53]} 31. Ra1 {[%emt 0:02:45]} a5 {[%emt 0:01:03]} 32. a4 {[%emt 0:00:32]} Rb8 {[%emt 0:00:07]} 33. axb5 {[%emt 0:00:25]} Rxb5 {[%emt 0:00:01]} 34. b4 {[%emt 0:01:42]} Nc6 {[%emt 0:00:22]} 35. Na3 {[%emt 0:03:14]} Rb6 {[%emt 0:00:52]} 36. b5 {[%emt 0:00:35]} Na7 {[%emt 0:01:20]} 37. c4 {[%emt 0:00:12]} Rb7 {[%emt 0:00:01]} 38. c5+ {[%emt 0:01:06]} Ke7 {[%emt 0:00:02]} 39. Rfb1 {[%emt 0:03:01]} Rhb8 {[%emt 0:00:44]} 40. b6 {[%emt 0:01:47]} Nc6 {[%emt 0:00:01]} 41. Nb5 {[%emt 0:00:13]} Ra8 {[%emt 0:00:57]} 42. Ra4 {[%emt 0:00:49]} f6 {[%emt 0:00:55]} 43. Nf4 {[%emt 0:00:13]} Kf7 {[%emt 0:00:09]} 44. Nxd5 {[%emt 0:02:08]} Rd8 {[%emt 0:00:00]} 45. Ndc7 {[%emt 0:00:39]} Ncxd4 {[%emt 0:00:14]} 46. Nxd4 {[%emt 0:00:52]} Nxd4 {[%emt 0:01:18]} 47. Ke3 {[%emt 0:00:12]} Nc6 {[%emt 0:00:24]} 48. Rxe4 {[%emt 0:00:53]} Rd7 {[%emt 0:00:57]} 49. Nb5 {[%emt 0:00:42]} Rb8 {[%emt 0:00:40]} 50. Nd6+ {[%emt 0:00:08]} Kg7 {[%emt 0:00:39]} 51. f4 {[%emt 0:00:55]} Ne7 {[%emt 0:00:51]} 52. Kf3 {[%emt 0:00:36]} Nc6 {[%emt 0:00:28]} 53. Rbe1 {[%emt 0:00:28]} f5 {[%emt 0:00:34]} 54. Re8 {[%emt 0:00:31]} Rdd8 {[%emt 0:00:12]} 55. Rxd8 {[%emt 0:00:26]} Rxd8 {[%emt 0:00:02]} 56. Kf2 {[%emt 0:00:29]} a4 {[%emt 0:00:21]} 57. b7 {[%emt 0:00:50]} Nb4 {[%emt 0:00:27]} 58. Re8 {[%emt 0:00:13]} 1-0

[Event "20th Dubai Open 2018"]
[Site "Dubai"]
[Date "2018.04.07"]
[Round "5"]
[White "Saravana, Krishnan P."]
[Black "Akopian, Vladimir"]
[Result "1/2-1/2"]
[WhiteElo "2312"]
[BlackElo "2667"]
[Annotator "TA"]
[PlyCount "67"]
[EventDate "2018.??.??"]
[EventType "swiss"]
[EventCountry "UAE"]
[SourceTitle "playchess.com"]
[Source "ChessBase"]
[SourceQuality "1"]

{[%evp 14,67,39,31,27,26,19,20,25,17,24,0,24,26,43,22,17,18,19,10,62,67,75,30,64,16,40,30,40,40,39,31,49,25,39,33,43,48,44,24,18,16,18,13,24,8,47,0,0,-9,0,-6,0,0,0,14]} 1. e4 g6 2. d4 Bg7 3. Nc3 c6 4. Nf3 d6 5. h3 Nf6 6. Bg5 O-O 7. Qd2 b5 8. Bd3 {LiveBook: 7 Games. B08: Pirc Defence: Classical System} (8. a3 Bb7 9. Bd3 Nbd7 10. Bh6 e5 11. Bxg7 Kxg7 12. O-O a6 13. Rfe1 c5 14. dxe5 dxe5 15. Bf1 Re8 {½-½ (26) Radlovacki,J (2393)-Zajic,M (2489) Paracin 2015}) 8... Qc7 9. O-O e5 10. dxe5 dxe5 11. Ne2 $146 ({Find the theoretical novelty and annotate with similar games:} 11. a4 b4 12. Nd1 a5 13. Ne3 h6 14. Bxf6 Bxf6 15. Ng4 Bxg4 16. hxg4 {½-½ (79) Anistratov,D (2329)-Deues,E (2057) Bad Woerishofen 2006}) 11... Nbd7 12. Qe3 Bb7 13. Ng3 Qb6 14. c3 Qxe3 15. Bxe3 Rfd8 16. Rfd1 Ne8 (16... a6 $11) 17. a4 $14 a6 18. Be2 Bf8 19. b4 Be7 20. Nd2 {[%cal Bf3d2,Bd2b3,Bb3c5][%mdl 32]} Ndf6 21. Nb3 Rxd1+ 22. Bxd1 Rd8 23. Be2 h5 24. Bc5 Kf8 25. Bxe7+ Kxe7 26. Nc5 Bc8 27. axb5 cxb5 28. Nf1 Nc7 29. Ne3 h4 30. Kf1 Ne6 {The position is equal.} 31. Nxe6 Bxe6 32. f3 Rd6 33. c4 bxc4 34. Bxc4 {Precision: White = 50%, Black = 41%.} 1/2-1/2

[Event "20th Dubai Open 2018"]
[Site "Dubai"]
[Date "2018.04.07"]
[Round "5"]
[White "Srija, Seshadri"]
[Black "Pantsulaia, Levan"]
[Result "0-1"]
[WhiteElo "2264"]
[BlackElo "2592"]
[Annotator "TA"]
[PlyCount "64"]
[EventDate "2018.??.??"]
[EventType "swiss"]
[EventCountry "UAE"]
[SourceTitle "playchess.com"]
[Source "ChessBase"]
[SourceQuality "1"]

{[%evp 18,64,21,0,103,-13,-7,-88,-62,-60,-63,-105,-112,-191,-186,-245,-254,-253,-254,-368,-358,-314,-338,-352,-316,-323,-324,-284,-259,-375,-353,-344,-343,-340,-198,-234,-204,-215,-208,-190,-197,-736,-724,-1322,-1322,-29980,-29982,-29982,-29982]} 1. e4 c6 2. d4 d5 3. e5 Bf5 4. Nf3 e6 5. Be2 Nd7 6. O-O Ne7 7. Nbd2 h6 {B12: Caro-Kann: Advance Variation} 8. Nb3 g5 {[%cal Bg7g5,Bg5f4][%mdl 32]} (8... Qc7 9. c3 Bh7 10. Bd3 Bxd3 11. Qxd3 c5 12. Nxc5 Nxc5 13. dxc5 Qxc5 14. Be3 {½-½ (70) Carlsen,M (2832)-So,W (2815) chess.com INT 2017}) 9. Ne1 Qc7 10. Bd2 {LiveBook: 13 Games} f6 $146 (10... c5 $11) ({Predecessor:} 10... c5 11. dxc5 Bg7 12. Ba5 Qb8 13. Bb5 Nc6 14. Bxc6 bxc6 {½-½ (50) Naiditsch,A (2702)-Donchenko,A (2559) Douglas 2017}) 11. f4 (11. Bh5+ $16 Kd8 12. g4) 11... O-O-O $1 $11 12. Rc1 (12. Bd3 $11 {remains equal.}) 12... gxf4 $1 $17 13. exf6 Ng6 $1 14. c4 {Hoping for Ba5.} Nxf6 15. c5 {[#]} (15. Bd3 $17 {was worth a try.}) 15... Qg7 $1 $19 16. Rxf4 (16. Rc3 $142) 16... Ne4 17. Rf1 Be7 18. Be3 (18. Kh1 $142) 18... Bg5 19. Nc2 Nh4 20. Bf3 Rdf8 21. Qe2 Rhg8 22. Kh1 Rf6 23. Nd2 (23. Bxg5 {was called for.} Nxg5 24. Bg4) 23... Nxd2 24. Qxd2 Nxf3 25. Rxf3 Be4 (25... Bh4 $142 {Strongly threatening ...Be4.} 26. Rg1 Rg6) 26. Rg3 Qf7 {aiming for ...Rf1+.} 27. Rg1 Bh4 28. Rxg8+ Qxg8 29. Ne1 $2 (29. Qe2) 29... Qg4 {...Bg3! is the strong threat.} 30. Nd3 {[#]} Bg3 $1 {[%mdl 512] ( -> ...Qh5)} 31. Rc1 (31. hxg3 Qh5#) 31... Qh3 {[%csl Gg3][%cal Rh3h2]} 32. Bg1 {[#]} Rf2 $1 {[%mdl 512] Precision: White = 21%, Black = 94%.} 0-1

[Event "20th Dubai Open 2018"]
[Site "Dubai"]
[Date "2018.04.07"]
[Round "5"]
[White "Senthil Maran K"]
[Black "Raghunandan, Kaumandur Srihari"]
[Result "1/2-1/2"]
[WhiteElo "2178"]
[BlackElo "2434"]
[Annotator "TA"]
[PlyCount "106"]
[EventDate "2018.??.??"]
[EventType "swiss"]
[EventCountry "UAE"]
[SourceTitle "playchess.com"]
[Source "ChessBase"]
[SourceQuality "1"]

{[%evp 22,106,18,4,22,7,25,22,62,23,25,25,27,34,45,19,35,33,33,21,21,25,46,29,38,37,37,37,54,53,57,54,54,55,58,60,67,43,63,59,56,57,66,41,39,0,0,0,27,27,27,27,27,27,27,27,30,31,31,8,8,0,0,0,0,0,0,0,0,0,0,0,0,0,0,0,0,0,0,0,0,0,0,0,0,0,0]} 1. d4 Nf6 2. Nf3 g6 3. g3 Bg7 4. Bg2 O-O 5. O-O d6 6. b3 c5 7. Bb2 cxd4 8. Nxd4 d5 9. Na3 e5 {A49: 1 d4 Nf6 2 Nf3 g6 3 g3: Anti-King's Indian systems} 10. Nf3 e4 11. Nd4 e3 12. f3 {LiveBook: 3 Games} Nc6 $146 ({Predecessor:} 12... Re8 13. c4 h5 14. Ndc2 h4 15. cxd5 Qxd5 16. Qxd5 Nxd5 17. Bxg7 Kxg7 {1-0 (56) Burmakin,V (2627)-Mamedov,N (2614) Balaguer 2009}) 13. c4 Nxd4 14. Bxd4 Qe7 15. Qc1 Be6 16. c5 Nd7 17. Bxg7 Kxg7 18. Qxe3 Qxc5 19. Qxc5 Nxc5 20. Rac1 Rfc8 21. Nb5 Bd7 22. Nd6 Rc6 23. Rfd1 Rxd6 24. Rxc5 Bc6 25. Rd4 Re6 26. Kf2 Rae8 27. Rc2 Bb5 {[%cal Re6e2]} 28. Bf1 Bc6 29. Rcd2 Kf6 30. f4 Re4 31. R4d3 R4e7 32. a4 Re4 33. Rd4 Rxd4 34. Rxd4 Re4 35. Rxe4 dxe4 $11 {[%mdl 4096] Endgame KB-KB} 36. Ke3 Ke6 37. Kd4 Bd5 38. b4 f5 39. a5 Kd6 40. h3 b5 {The position is equal.} 41. e3 a6 42. g4 Be6 43. Be2 Bf7 44. h4 Be6 45. gxf5 gxf5 46. Bh5 Bg8 47. Be8 Be6 48. h5 h6 $1 49. Bg6 Bd7 50. Bf7 {[#] Threatens to win with Bd5.} Bc6 $1 51. Bg8 Bb7 52. Ba2 $1 Bc6 53. Bb3 Bb7 {Precision: White = 70%, Black = 69%.} 1/2-1/2

[Event "20th Dubai Open 2018"]
[Site "Dubai"]
[Date "2018.04.07"]
[Round "5"]
[White "Abou El Zein, Eid Mahmoud"]
[Black "Padmini, Rout"]
[Result "0-1"]
[WhiteElo "2156"]
[BlackElo "2360"]
[Annotator "NA"]
[PlyCount "136"]
[EventDate "2018.??.??"]
[EventType "swiss"]
[EventCountry "UAE"]
[SourceTitle "playchess.com"]
[Source "ChessBase"]
[SourceQuality "1"]
[TimeControl "5400+30"]

1. d4 {[%emt 0:03:18]} Nf6 {[%emt 0:00:19]} 2. Nf3 {[%emt 0:00:16]} e6 {[%emt 0:01:30]} 3. e3 {[%emt 0:00:20]} d5 {[%emt 0:01:51]} 4. Nbd2 {[%emt 0:00:29]} b6 {[%emt 0:01:36]} 5. Ne5 {[%emt 0:02:47]} Bb7 {[%emt 0:00:36]} 6. Bd3 {[%emt 0:00:14]} Bd6 {[%emt 0:04:44]} 7. f4 {[%emt 0:00:07]} O-O {[%emt 0:00:23]} 8. Qf3 {[%emt 0:01:01]} Ba6 {[%emt 0:08:07]} 9. g4 {[%emt 0:20:02]} Bxd3 {[%emt 0:03:48]} 10. Nxd3 {[%emt 0:00:07]} Nc6 {[%emt 0:03:50]} 11. g5 {[%emt 0:07:15]} Nd7 {[%emt 0:00:46]} 12. h4 {[%emt 0:00:41]} Ne7 {[%emt 0:09:42]} 13. Nf1 {[%emt 0:00:39]} Nf5 {[%emt 0:03:56]} 14. Ng3 {[%emt 0:04:48]} Nxg3 {[%emt 0:03:18]} 15. Qxg3 {[%emt 0:00:06]} c5 {[%emt 0:05:35]} 16. c3 {[%emt 0:00:17]} f5 {[%emt 0:04:21]} 17. O-O {[%emt 0:07:16]} b5 $11 {[%emt 0:01:38]} 18. Bd2 {[%emt 0:09:11]} a5 {[%emt 0:03:29]} 19. Rfc1 {[%emt 0:06:43]} Qe7 {[%emt 0:02:39]} 20. Qf3 {[%emt 0:01:24]} Nb6 {[%emt 0:01:02]} 21. Be1 {[%emt 0:02:34]} c4 {[%emt 0:05:23]} 22. Nf2 {[%emt 0:03:43]} b4 {[%emt 0:01:44]} 23. Rab1 {[%emt 0:02:52]} a4 {[%emt 0:05:24]} 24. cxb4 {[%emt 0:03:06]} Bxb4 {[%emt 0:00:05]} 25. Bxb4 {[%emt 0:00:36]} Qxb4 {[%emt 0:00:02]} 26. Qd1 {[%emt 0:00:05]} Qd6 {[%emt 0:06:16]} 27. Rc3 {[%emt 0:01:11]} Rfb8 {[%emt 0:00:52]} 28. Qc2 {[%emt 0:00:42]} Qb4 {[%emt 0:02:22]} 29. a3 {[%emt 0:06:17]} Qe7 {[%emt 0:01:10]} 30. Nd1 {[%emt 0:00:10]} Nc8 {[%emt 0:00:42]} 31. Qe2 {[%emt 0:00:42]} Nd6 {[%emt 0:00:13]} 32. Rc2 {[%emt 0:00:42]} Ne4 {[%emt 0:12:26]} 33. Nc3 {[%emt 0:00:28]} Rb3 {[%emt 0:01:04]} 34. Nxe4 {[%emt 0:00:25]} fxe4 {[%emt 0:00:02]} 35. Rd1 {[%emt 0:00:22]} Rab8 {[%emt 0:00:27]} 36. Rdd2 {[%emt 0:00:35]} Qf7 {[%emt 0:02:15]} 37. Kf2 {[%emt 0:00:26]} Qf5 {[%emt 0:00:07]} 38. Kg3 {[%emt 0:00:39]} h5 {[%emt 0:00:53]} 39. Rc3 {[%emt 0:03:13]} Rxc3 {[%emt 0:04:12]} 40. bxc3 {[%emt 0:00:04]} Qf7 {[%emt 0:00:13]} 41. Rb2 {[%emt 0:00:31]} Rb3 {[%emt 0:00:20]} 42. Rxb3 {[%emt 0:00:04]} axb3 {[%emt 0:00:11]} 43. a4 {[%emt 0:00:22]} Qe8 {[%emt 0:01:44]} 44. Qd1 {[%emt 0:00:29]} Qxa4 {[%emt 0:00:32]} 45. Qxh5 {[%emt 0:00:06]} b2 {[%emt 0:00:17]} 46. g6 {[%emt 0:00:04]} b1=Q {[%emt 0:00:21]} 47. Qh7+ {[%emt 0:00:08]} Kf8 {[%emt 0:00:05]} 48. Qh8+ {[%emt 0:00:04]} Ke7 {[%emt 0:00:03]} 49. Qxg7+ {[%emt 0:00:03]} Kd6 {[%emt 0:01:43]} 50. Qf8+ {[%emt 0:00:51]} Kc7 {[%emt 0:00:06]} 51. g7 {[%emt 0:00:56]} Qg1+ {[%emt 0:00:23]} 52. Kh3 {[%emt 0:00:24]} Qxe3+ {[%emt 0:00:39]} 53. Kg4 {[%emt 0:00:24]} Qd1+ {[%emt 0:00:27]} 54. Kg5 {[%emt 0:00:32]} Qg3+ {[%emt 0:00:24]} 55. Kf6 {[%emt 0:00:42]} Qxf4+ {[%emt 0:00:50]} 56. Ke7 {[%emt 0:01:24]} Qd6+ {[%emt 0:00:31]} 57. Kf7 {[%emt 0:00:38]} Qf3+ {[%emt 0:00:07]} 58. Kg8 {[%emt 0:00:05]} Qdxf8+ {[%emt 0:00:43]} 59. gxf8=Q Qxf8+ {[%emt 0:00:15]} 60. Kxf8 {[%emt 0:00:08]} e3 {[%emt 0:00:04]} 61. h5 {[%emt 0:00:09]} e2 {[%emt 0:00:14]} 62. h6 {[%emt 0:00:02]} e1=Q {[%emt 0:00:07]} 63. h7 {[%emt 0:00:03]} Qh4 {[%emt 0:00:09]} 64. Kg7 {[%emt 0:00:07]} Qg5+ {[%emt 0:00:06]} 65. Kh8 {[%emt 0:00:09]} Qf6+ {[%emt 0:00:04]} 66. Kg8 {[%emt 0:00:03]} Qg6+ {[%emt 0:00:04]} 67. Kh8 {[%emt 0:00:02]} e5 {[%emt 0:00:11]} 68. dxe5 {[%emt 0:00:04]} Qf7 {[%emt 0:00:02]} 0-1